Escuela nacional unificada: una aventura sin destino

Guardat en:
Dades bibliogràfiques
Autor principal: Pablo Elorza, Tomás (autor)
Format: Llibre
Idioma:espanyol
Publicat: Santiago Senado de la República 1970
Matèries:
Etiquetes: Afegir etiqueta
Sense etiquetes, Sigues el primer a etiquetar aquest registre!

MARC

LEADER 00000nam a2200000 a 4500
001 UCW6232
003 CL-VaPUC
008 911112e19700000CL |||||||||||||||||spa|d
082 0 4 |a 379.83  |b PAB  |2 21 
100 |a Pablo Elorza, Tomás  |e autor  |9 338610 
245 1 0 |a Escuela nacional unificada: una aventura sin destino 
300 |a 32 p 
942 |c BK 
945 |d 19911112 00:00:00 
260 |a Santiago  |b Senado de la República  |c 1970 
600 0 7 |a ESCUELA NACIONAL UNIFICADA  |2 CL-VaPUC  |9 311263 
650 0 |a Estado y educación   |9 311264 
650 0 |a Reforma educacional   |9 256319 
651 7 |a CHILE  |2 CL-VaPUC  |9 311265 
583 |a last modification  |c 20170504 12:41:14  |k Rodrigo Vera 
999 |c 219375  |d 219373 
952 |0 0  |1 0  |4 0  |6 379_830000000000000_PAB_1970  |7 0  |8 P  |9 210253  |a BIBEDU  |b BIBEDU  |c BIBEDU_PB  |d 2019-11-15  |i 2783096  |o 379.83 PAB 1970  |p 2783096  |r 2024-01-25  |w 2019-11-15  |y BK  |k EDU